• 首页
  • 本馆介绍
  • 公告通知
  • 最新文献
  • 馆藏检索
  • 电子资源
  • 读者导购
  • 参考咨询
  • 我的图书馆
  • 登录
  • 详细信息显示
  • 放入我的书架
  • 预约/预借图书
  • 作者相关作品
  • 分类相关作品
  • 丛书相关作品
  • 出版社相关作品

书目信息

  • 表格格式
  • 工作单格式
  • 卡片格式
题名:
人人都应该学的谈判心理学
    
 
作者: 纳什 著 ;李牧耘 , 陈丹阳 译
分册:  
出版信息: 北京   电子工业出版社  2017
页数: 192页
开本: 24cm
丛书名:
单 册:
中图分类: C912.3-49
科图分类:
主题词: 谈判学--社会心理学--通俗读物
电子资源:
ISBN: 978-7-121-32151-1
000 01118nam0 2200265 450
001 5359
005 20180528195611.61
010    @a978-7-121-32151-1@dCNY46.00
100    @a20171018d2017 em y0chiy50 ea
101 1  @achi@cger
102    @aCN@b110000
105    @ay z 000yy
200 1  @a人人都应该学的谈判心理学@9ren ren dou ying gai xue de tan pan xin li xue@dDeal!@eDu Gibst Mir, Was Ich Will@f(德) 杰克·纳什(Jack Nasher)著@g李牧耘, 陈丹阳译@zger
210    @a北京@c电子工业出版社@d2017
215    @a192页@d24cm
305    @a由Campus Verlag GmbH授权出版
330    @a本书揭示了顶级谈判家们的谈判秘诀,使读者了解到如何把谈判专家们的绝招化作自己的武器。内容分为权利、沟通、需求、谈判策略、缔约五部分,共16章,涉及:理解权力、谈判中的关系、收获真正想要的、下锚、相互性原则、过度承诺等。
510 1  @aDeal!@eDu Gibst Mir, Was Ich Will@zger
606 0  @a谈判学@x社会心理学@j通俗读物
690    @aC912.3-49@v5
701  1 @c(德)@a纳什@9na shi@g(Nasher, Jack)@4著
702  0 @a李牧耘@9li mu yun@4译
702  0 @a陈丹阳@9chen dan yang@4译
801  0 @aCN@b91MARC@c20171018
905    @aMuseLib@dC912.3-49@e1334
    
    人人都应该学的谈判心理学=Deal!:Du Gibst Mir, Was Ich Will/(德) 杰克·纳什(Jack Nasher)著/李牧耘, 陈丹阳译.-北京:电子工业出版社,2017
    192页;24cm
    
    
    ISBN 978-7-121-32151-1:CNY46.00
    本书揭示了顶级谈判家们的谈判秘诀,使读者了解到如何把谈判专家们的绝招化作自己的武器。内容分为权利、沟通、需求、谈判策略、缔约五部分,共16章,涉及:理解权力、谈判中的关系、收获真正想要的、下锚、相互性原则、过度承诺等。
●
相关链接 在E读中查询图书 在五车中查询图书 在当当中查询图书 在豆瓣中查询图书


正题名:人人都应该学的谈判心理学     索取号:C912.3-49/1334         预约/预借

序号 登录号 条形码 馆藏地/架位号 状态 备注
1 1112991   211129919   第一样本阅览室/ [索取号:C912.3-49/1334] 在馆    
2 1112992   211129928   教育系资料室/ [索取号:C912.3-49/1334] 在馆    
3 1112993   211129937   教育系资料室/ [索取号:C912.3-49/1334] 在馆    
4 1112994   211129946   第一借阅区/ [索取号:C912.3-49/1334] 在馆    
唐山师范学院图书馆 欢迎您!
大连网信软件有限公司© 版权所有